000 00644nam a2200217 a 4500
001 000044574
003 DO-SdBNP
005 20220808110111.0
007 ta
008 140717s1947 ag 000 spa d
040 _aDO-SdBNP
_bspa
_cBNPHU
082 _axxxx
_bC471c
100 _aChardon, Carlos E.,
_926196
_d1897-
245 3 _aLa contribución del Doctor Roberto E. Fries :
_ba los estudios botánicos del nuevo mundo. /
_cCarlos E. Chardon
260 _aBuenos Aires :
_bConi,
_c1947.
300 _a10 p.
_c26 cm.
504 _aBibliografía p: 8-10
590 _aInventariado, 2022/ YL
910 _aYLockward
942 _2ddc
_cLF2
999 _c44063
_d44063